[Event "TUR-chT Superleague 2018"]
[Site "Ankara"]
[Date "2018.07.25"]
[Round "1"]
[White "Ivic, Velimir"]
[Black "Samani, Yamac"]
[Result "1-0"]
[WhiteElo "2432"]
[BlackElo "2227"]
[Annotator "NA"]
[PlyCount "89"]
[EventDate "2018.07.25"]
[EventType "team-tourn"]
[EventCountry "TUR"]
[SourceTitle "playchess.com"]
[Source "ChessBase"]
[SourceQuality "1"]
[TimeControl "40/5400+30:1800+30"]

1. e4 {[%emt 0:00:30]} e5 {[%emt 0:00:30]} 2. Nf3 {[%emt 0:00:30]} Nc6 {[%emt 0:00:30]} 3. Bb5 {[%emt 0:00:30]} Nf6 {[%emt 0:00:00]} 4. d3 {[%emt 0:00:30]} d6 {[%emt 0:00:00]} 5. O-O {[%emt 0:00:30]} Be7 {[%emt 0:00:30]} 6. c3 {[%emt 0:02:30]} O-O {[%emt 0:00:00]} 7. Re1 {[%emt 0:00:30]} a6 {[%emt 0:00:00]} 8. Ba4 {[%emt 0:01:30]} b5 {[%emt 0:01:30]} 9. Bc2 {[%emt 0:00:30]} Re8 {[%emt 0:01:30]} 10. Nbd2 {[%emt 0:04:30]} Bf8 {[%emt 0:00:30]} 11. d4 {[%emt 0:09:30]} exd4 {[%emt 0:04:30]} 12. cxd4 {[%emt 0:06:30]} Bg4 {[%emt 0:01:30]} 13. h3 {[%emt 0:12:30]} Bh5 {[%emt 0:03:30]} 14. g4 {[%emt 0:06:30]} Nxg4 {[%emt 0:30:30]} 15. hxg4 {[%emt 0:02:30]} Bxg4 {[%emt 0:01:30]} 16. Nf1 {[%emt 0:09:30]} Bxf3 {[%emt 0:02:30]} 17. Qxf3 {[%emt 0:00:30]} Nxd4 {[%emt 0:00:00]} 18. Qd3 {[%emt 0:06:30]} Nxc2 {[%emt 0:06:00]} 19. Qxc2 {[%emt 0:00:00]} d5 {[%emt 0:02:30]} 20. Bf4 {[%emt 0:09:00]} Qf6 {[%emt 0:07:30]} 21. Bg3 {[%emt 0:02:30]} Qg6 {[%emt 0:02:30]} 22. Qxc7 {[%emt 0:02:30]} dxe4 {[%emt 0:02:30]} 23. Rac1 {[%emt 0:00:30]} Re6 {[%emt 0:04:30]} 24. Red1 {[%emt 0:03:04]} Rae8 {[%emt 0:09:09]} 25. Rd8 {[%emt 0:04:54]} e3 {[%emt 0:05:56]} 26. fxe3 {[%emt 0:01:43]} h5 {[%emt 0:07:31]} 27. Qd7 {[%emt 0:03:52]} Rxd8 {[%emt 0:04:29]} 28. Qxd8 {[%emt 0:00:10]} f5 {[%emt 0:00:43]} 29. Rc8 {[%emt 0:03:47]} Rf6 {[%emt 0:00:06]} 30. Qd5+ {[%emt 0:01:39]} Kh7 {[%emt 0:00:09]} 31. Kf2 {[%emt 0:00:19]} Qg4 {[%emt 0:01:29]} 32. Be5 {[%emt 0:02:54]} f4 {[%emt 0:01:07]} 33. Bxf6 {[%emt 0:01:23]} Qxc8 {[%emt 0:00:28]} 34. Qxh5+ {[%emt 0:00:37]} Kg8 {[%emt 0:00:30]} 35. Qd5+ {[%emt 0:00:00]} Kh8 {[%emt 0:00:00]} 36. Bc3 {[%emt 0:01:52]} b4 {[%emt 0:01:04]} 37. Qh1+ {[%emt 0:00:30]} Kg8 {[%emt 0:00:30]} 38. Qd5+ {[%emt 0:00:30]} Kh8 {[%emt 0:00:00]} 39. Bd4 {[%emt 0:00:20]} Qc2+ {[%emt 0:00:00]} 40. Kg1 {[%emt 0:00:00]} fxe3 {[%emt 0:00:00]} 41. Qh5+ {[%emt 0:01:26]} Kg8 {[%emt 0:01:49]} 42. Qd5+ {[%emt 0:00:30]} Kh7 {[%emt 0:00:00]} 43. Nxe3 {[%emt 0:01:30]} Qc1+ {[%emt 0:00:00]} 44. Kf2 {[%emt 0:00:30]} Qd2+ {[%emt 0:00:30]} 45. Kf3 {[%emt 0:00:00]} 1-0

[Event "TUR-chT Superleague 2018"]
[Site "Ankara"]
[Date "2018.07.25"]
[Round "1"]
[White "Shuvalova, Polina"]
[Black "Sahin, Hayrun Nisa"]
[Result "1-0"]
[WhiteElo "2417"]
[BlackElo "1736"]
[Annotator "TA"]
[PlyCount "55"]
[EventDate "2018.07.25"]
[EventType "team-tourn"]
[EventCountry "TUR"]
[SourceTitle "playchess.com"]
[Source "ChessBase"]
[SourceQuality "1"]

{[%evp 24,55,35,30,36,11,17,18,10,0,61,77,67,70,64,37,124,118,132,127,129,121,956,927,811,598,593,575,1306,1239,29986,29986,29996,29997]} 1. e4 c5 2. Nf3 d6 3. Bb5+ Bd7 4. Bxd7+ Qxd7 5. c4 Nc6 6. Nc3 g6 7. d4 cxd4 8. Nxd4 Bg7 9. Be3 Nf6 10. f3 O-O 11. O-O a6 12. Na4 {B52: Sicilian: Moscow Variation with 3...Bd7} Qc7 (12... Rab8 13. Nxc6 Qxc6 14. Nb6 Nd7 15. Nxd7 Qxd7 16. Rf2 b5 17. c5 Qa7 18. Rc1 dxc5 19. Bxc5 Qc7 {1-0 (50) Caruana,F (2807)-Kasparov,G (2812) Saint Louis 2017}) 13. Nxc6 {LiveBook: 3 Games} bxc6 14. Rc1 {[%cal Ba1c1,Bc1c3,Bc3h3][%mdl 32] White is slightly better.} Nd7 15. b3 $146 ({Predecessor:} 15. Qd2 c5 16. Nc3 Qb7 17. b3 Nb8 18. Bh6 Nc6 19. Bxg7 Kxg7 {½-½ (36) Kosakowski,J (2315)-Szostko,J (2262) Bialystok 2017}) 15... c5 16. Nc3 Bxc3 (16... Qb7 $11) 17. Rxc3 $14 a5 18. a4 Rfb8 19. Bg5 Ne5 {[#]} (19... Nf8 $14) 20. f4 $1 $16 {[%cal Rf4e5]} Nc6 21. f5 Nd4 {[#]} 22. Rh3 $1 f6 $2 {[%mdl 8192]} (22... Qd7 $16) 23. fxg6 $18 hxg6 24. Qg4 {Bxf6! is the strong threat.} Qc8 25. Qh4 {White threatens Qh8+ and mate.} Kf7 {[#] intending ...Qh8.} 26. Bxf6 $1 {[%mdl 512] Qh7+ would kill now.} Nf5 (26... exf6 27. Qxf6+) 27. exf5 exf6 28. Qh7+ {Precision: White = 80%, Black = 44%.} 1-0

[Event "TUR-chT Superleague 2018"]
[Site "Ankara"]
[Date "2018.07.25"]
[Round "1"]
[White "Erdogdu, Mert"]
[Black "Solak, Dragan"]
[Result "0-1"]
[WhiteElo "2411"]
[BlackElo "2603"]
[Annotator "TA"]
[PlyCount "92"]
[EventDate "2018.07.25"]
[EventType "team-tourn"]
[EventCountry "TUR"]
[SourceTitle "playchess.com"]
[Source "ChessBase"]
[SourceQuality "1"]

{[%evp 19,92,0,0,0,12,-17,-14,-18,14,9,0,0,39,31,84,92,199,187,345,352,349,309,257,110,90,96,85,-62,-34,-62,-62,-62,-64,-60,-78,-74,-60,-160,-141,-181,-170,-183,-176,-247,-212,-240,-245,-482,-488,-1110,-1289,-1308,-1279,-1281,-913,-1628,-862,-837,-209,-151,0,-822,-766,-1762,-520,-1581,-1269,-29988,-29989,-29989,-29989,-29989,-29990,-29996,-29997]} 1. d4 d5 2. c4 c6 3. Nf3 Nf6 4. Qc2 dxc4 5. e4 (5. Qxc4 Bf5 6. g3 e6 7. Bg2 Be7 8. O-O O-O 9. e3 Nbd7 10. Qe2 Qa5 11. Nc3 Ne4 12. Bd2 Nxd2 13. Nxd2 Rfd8 14. Rfd1 Rac8 15. e4 Bg6 {½-½ (25) Bu,X (2725)-Shankland,S (2671) Liaocheng 2018}) 5... b5 6. b3 {D11: Slav Defence: 3 Nf3 sidelines and 3...Nf6 4 e3 Bg4} cxb3 7. axb3 e6 8. Bd2 a5 9. Bd3 Be7 10. O-O Bb7 {LiveBook: 17 Games} 11. Rc1 h6 12. Nc3 Na6 13. e5 Nd7 (13... Nb4 $5 {[%cal Rb4c2]} 14. exf6 Nxc2 15. fxe7 Kxe7 16. Rxc2 Kf8 $11) 14. Be2 Nb4 15. Qe4 O-O $146 ({Predecessor:} 15... Qb6) 16. Na2 $36 {[%mdl 2048] White is pushing.} Qb6 (16... Re8 $14) 17. Nxb4 $16 Bxb4 {[#]} (17... c5 $16 18. Qg4 h5 19. Qxh5 cxb4) 18. Bd3 $1 $18 {[%csl Gd3][%cal Re4h7]} f5 $2 (18... g6 {might work better.}) 19. exf6 $1 Rxf6 20. Qh7+ ({Weaker is} 20. Bxb4 axb4 21. Rxa8+ Bxa8 $18) 20... Kf7 {next ...Bxd2 is good for Black.} 21. Be3 (21. Bxb4 $18 {is the precise move to win.} axb4 22. Rxa8 Bxa8 23. Ra1) 21... Qc7 $16 22. Bxb5 c5 23. Be2 ({White should play} 23. Nh4 $16 {Strongly threatening Be2.} Nf8 24. Qc2) 23... Rg6 $1 $15 {[#] Threatens to win with ...Be4.} 24. Bd3 Rxg2+ 25. Kxg2 Nf8 26. Qe4 $1 {[%cal Re4g4]} Bxe4 27. Bxe4 Rc8 28. Ne5+ (28. dxc5 $15 Nd7 29. Rc4) 28... Kg8 $17 29. Nd3 Nd7 30. Nxb4 axb4 31. dxc5 (31. Ra6 {was called for.}) 31... Nf6 32. Bf3 Nd5 33. Bd4 $2 (33. Bxd5 {is a better defense.} exd5 34. h3) 33... Qf4 $19 34. Rc4 (34. Be3 $142 Nxe3+ 35. fxe3 Qxe3 36. c6) 34... Rf8 35. Bxd5 exd5 36. Rxb4 Qf3+ 37. Kg1 Qg4+ 38. Kf1 Qh3+ $2 (38... Re8 39. Rc1 Re4) 39. Ke2 Qg4+ $2 (39... Rf4 $17 40. Kd2 Qh4) 40. Kf1 Re8 41. Rba4 Qh3+ 42. Kg1 {If White can now play Ra8 this consolidates a bit.} Re6 {( -> ...Rg6+)} 43. f3 Rg6+ {Black mates.} 44. Kf2 Qg2+ 45. Ke3 Re6+ 46. Kd3 Qxf3+ {Precision: White = 42%, Black = 54%.} 0-1

[Event "TUR-chT Superleague 2018"]
[Site "Ankara"]
[Date "2018.07.25"]
[Round "1"]
[White "Badelka, Olga"]
[Black "Savina, Anastasia"]
[Result "1/2-1/2"]
[WhiteElo "2407"]
[BlackElo "2342"]
[Annotator "NA"]
[PlyCount "61"]
[EventDate "2018.07.25"]
[EventType "team-tourn"]
[EventCountry "TUR"]
[SourceTitle "playchess.com"]
[Source "ChessBase"]
[SourceQuality "1"]
[TimeControl "40/5400+30:1800+30"]

1. d4 {[%emt 0:00:30]} d5 {[%emt 0:00:30]} 2. Bf4 {[%emt 0:00:30]} c5 {[%emt 0:03:30]} 3. e3 {[%emt 0:00:30]} cxd4 {[%emt 0:02:30]} 4. exd4 {[%emt 0:00:30]} Nc6 {[%emt 0:03:30]} 5. c3 {[%emt 0:00:30]} Bf5 {[%emt 0:02:30]} 6. Bd3 {[%emt 0:02:30]} Bxd3 {[%emt 0:13:30]} 7. Qxd3 {[%emt 0:00:00]} e6 {[%emt 0:00:30]} 8. Nf3 {[%emt 0:00:00]} Bd6 {[%emt 0:02:30]} 9. Bxd6 {[%emt 0:02:30]} Qxd6 {[%emt 0:00:30]} 10. O-O {[%emt 0:00:30]} Nge7 {[%emt 0:06:30]} 11. Re1 {[%emt 0:03:30]} O-O {[%emt 0:08:30]} 12. Nbd2 {[%emt 0:00:30]} Ng6 {[%emt 0:01:30]} 13. Re3 {[%emt 0:10:30]} Nf4 {[%emt 0:07:30]} 14. Qf1 {[%emt 0:03:30]} f6 {[%emt 0:05:30]} 15. Rae1 {[%emt 0:00:30]} Rae8 {[%emt 0:01:30]} 16. g3 {[%emt 0:00:30]} Ng6 {[%emt 0:01:30]} 17. h4 {[%emt 0:06:30]} e5 {[%emt 0:13:30]} 18. c4 {[%emt 0:05:30]} Re7 {[%emt 0:03:30]} 19. dxe5 {[%emt 0:14:30]} Ngxe5 {[%emt 0:02:10]} 20. Nxe5 {[%emt 0:03:30]} Rxe5 {[%emt 0:02:48]} 21. cxd5 {[%emt 0:00:30]} Qxd5 {[%emt 0:02:26]} 22. Ne4 {[%emt 0:04:30]} Qxa2 {[%emt 0:04:58]} 23. f4 {[%emt 0:00:30]} Re7 {[%emt 0:04:43]} 24. b3 {[%emt 0:07:30]} Qa6 {[%emt 0:02:00]} 25. Qxa6 {[%emt 0:12:30]} bxa6 {[%emt 0:00:30]} 26. Nxf6+ {[%emt 0:00:30]} Rxf6 {[%emt 0:01:27]} 27. Rxe7 {[%emt 0:00:30]} Nxe7 {[%emt 0:00:30]} 28. Rxe7 {[%emt 0:00:00]} Rb6 {[%emt 0:00:00]} 29. Rxa7 {[%emt 0:00:00]} Rxb3 {[%emt 0:00:25]} 30. Ra8+ {[%emt 0:00:00]} Kf7 {[%emt 0:00:00]} 31. Ra7+ {[%emt 0:00:00]} 1/2-1/2

[Event "TUR-chT Superleague 2018"]
[Site "Ankara"]
[Date "2018.07.25"]
[Round "1"]
[White "Kerigan, Demre"]
[Black "Heberla, Bartlomiej"]
[Result "1/2-1/2"]
[WhiteElo "2366"]
[BlackElo "2563"]
[Annotator "TA"]
[PlyCount "83"]
[EventDate "2018.07.25"]
[EventType "team-tourn"]
[EventCountry "TUR"]
[SourceTitle "playchess.com"]
[Source "ChessBase"]
[SourceQuality "1"]

{[%evp 16,83,13,-1,12,0,16,0,0,-3,43,40,40,15,14,29,83,41,32,33,51,4,39,25,29,-25,-26,-33,-37,-29,-22,-20,0,0,0,0,0,0,0,0,0,0,10,16,15,14,12,12,16,0,0,0,0,0,0,0,0,0,0,0,0,0,8,0,0,0,0,0,0,0]} 1. e4 c5 2. Nc3 d6 3. Bb5+ Bd7 4. Bxd7+ Qxd7 5. f4 Nc6 6. Nf3 g6 7. O-O Bg7 8. d3 Nf6 9. h3 {LiveBook: 5 Games. B23: Closed Sicilian: Lines without g3} (9. Bd2 O-O 10. Qe1 b5 11. Ne2 a5 12. f5 Nb4 13. Qd1 c4 14. Nf4 cxd3 15. cxd3 gxf5 16. exf5 Qxf5 {0-1 (41) Kislinsky,A (2481)-Navara,D (2732) Ostrava 2017}) 9... Rb8 10. Qe1 $146 ({Predecessor:} 10. a4 a6 11. Be3 O-O 12. Qe1 b5 13. axb5 axb5 14. Qh4 b4 15. Nd5 Nxd5 16. exd5 Nd4 17. Bxd4 cxd4 {½-½ (68) Zavadil,M (2145)-Geronimi,P (1974) Stare Mesto 2010}) 10... b5 {[%cal Bb7b5,Bb5b4][%mdl 32]} 11. Be3 b4 12. Nd1 {[%cal Bc3d1,Bd1e3,Be3d5][%mdl 32]} c4 13. e5 dxe5 14. fxe5 Nd5 15. dxc4 Nxe3 16. Nxe3 Nxe5 17. Nxe5 Bxe5 18. Rd1 (18. Nd5 $5 {[%cal Re1e5]} Bxb2 19. Rd1 $14) 18... Qe6 19. Nd5 O-O 20. Kh1 (20. b3 $142) 20... Bxb2 $11 {Black wants to play ...Qxe1.} 21. Qxe6 fxe6 22. Nxe7+ Kg7 {With the idea ...Rxf1+.} 23. Rfe1 $1 {The position is equal.} Bc3 24. Rxe6 Rbe8 {[#] ...Kf7 is the strong threat.} 25. Re3 Rf6 26. Nf5+ Kf8 27. Rxe8+ Kxe8 {[%mdl 4096] Endgame KRB-KRN} 28. Nd6+ Kf8 29. Ne4 Ra6 30. Nxc3 bxc3 {KR-KR} 31. c5 Ke7 32. Rd3 Rxa2 33. c6 {[#] Intending c7 and mate.} Ra6 34. Rd7+ Ke6 35. Rxh7 Rxc6 36. Rxa7 {Black must now prevent Ra5.} Kd5 37. Kg1 Rb6 38. Rc7 Kd4 39. Rd7+ Kc4 40. Rc7+ Kd4 41. Rd7+ Kc4 42. Rc7+ {Precision: White = 44%, Black = 66%.} 1/2-1/2

[Event "TUR-chT Superleague 2018"]
[Site "Ankara"]
[Date "2018.07.25"]
[Round "1"]
[White "Unuk, Laura"]
[Black "Injac, Teodora"]
[Result "1/2-1/2"]
[WhiteElo "2355"]
[BlackElo "2302"]
[Annotator "NA"]
[PlyCount "104"]
[EventDate "2018.07.25"]
[EventType "team-tourn"]
[EventCountry "TUR"]
[SourceTitle "playchess.com"]
[Source "ChessBase"]
[SourceQuality "1"]
[TimeControl "40/5400+30:1800+30"]

1. Nf3 {[%emt 0:00:30]} Nf6 {[%emt 0:00:30]} 2. c4 {[%emt 0:00:00]} g6 {[%emt 0:00:30]} 3. Nc3 {[%emt 0:00:00]} Bg7 {[%emt 0:00:30]} 4. e4 {[%emt 0:00:30]} d6 {[%emt 0:00:30]} 5. d4 {[%emt 0:00:30]} O-O {[%emt 0:00:00]} 6. Be2 {[%emt 0:00:30]} e5 {[%emt 0:01:00]} 7. O-O {[%emt 0:00:30]} Nc6 {[%emt 0:02:30]} 8. d5 {[%emt 0:00:30]} Ne7 {[%emt 0:00:30]} 9. b4 {[%emt 0:00:30]} Nd7 {[%emt 0:05:30]} 10. g4 {[%emt 0:16:30]} a5 {[%emt 0:02:30]} 11. bxa5 {[%emt 0:01:30]} Nc5 {[%emt 0:03:30]} 12. g5 {[%emt 0:07:30]} Bh3 {[%emt 0:11:30]} 13. Re1 {[%emt 0:00:30]} f5 {[%emt 0:08:30]} 14. gxf6 {[%emt 0:08:30]} Bxf6 {[%emt 0:08:30]} 15. Bh6 {[%emt 0:12:30]} Qd7 {[%emt 0:08:30]} 16. Kh1 {[%emt 0:03:30]} Bg7 {[%emt 0:09:30]} 17. Be3 {[%emt 0:06:30]} Rxa5 {[%emt 0:10:30]} 18. Ng5 {[%emt 0:07:30]} h6 {[%emt 0:05:09]} 19. Nxh3 {[%emt 0:01:30]} Qxh3 {[%emt 0:00:02]} 20. Rg1 {[%emt 0:02:30]} Ra3 {[%emt 0:02:31]} 21. Rg3 {[%emt 0:08:30]} Qh4 {[%emt 0:00:16]} 22. Rg4 {[%emt 0:01:35]} Qh3 {[%emt 0:02:03]} 23. Bf1 {[%emt 0:00:47]} Qh5 {[%emt 0:01:05]} 24. Rc1 {[%emt 0:04:53]} Rxc3 {[%emt 0:07:29]} 25. Rxc3 {[%emt 0:00:43]} Nxe4 {[%emt 0:00:11]} 26. Rc1 {[%emt 0:02:53]} Nxf2+ {[%emt 0:06:55]} 27. Bxf2 {[%emt 0:00:04]} Rxf2 {[%emt 0:00:01]} 28. Rg2 {[%emt 0:00:20]} Qf5 {[%emt 0:01:04]} 29. Rxf2 {[%emt 0:03:50]} Qxf2 {[%emt 0:00:30]} 30. Qg4 {[%emt 0:00:00]} Qe3 {[%emt 0:01:10]} 31. Rc2 {[%emt 0:01:22]} Kh7 {[%emt 0:00:49]} 32. Rg2 {[%emt 0:02:27]} Qe1 {[%emt 0:01:24]} 33. Rg1 {[%emt 0:00:32]} Qb1 {[%emt 0:00:32]} 34. Bg2 {[%emt 0:02:58]} Qf5 {[%emt 0:00:28]} 35. Qe2 {[%emt 0:00:45]} Qf6 {[%emt 0:00:33]} 36. Be4 {[%emt 0:00:34]} Nf5 {[%emt 0:00:34]} 37. Qg4 {[%emt 0:01:50]} h5 {[%emt 0:00:12]} 38. Qf3 {[%emt 0:01:57]} Bh6 {[%emt 0:00:36]} 39. Bxf5 {[%emt 0:00:55]} Qxf5 {[%emt 0:00:10]} 40. Qxf5 {[%emt 0:00:56]} gxf5 {[%emt 0:00:00]} 41. Kg2 {[%emt 0:03:39]} Be3 {[%emt 0:13:22]} 42. Rb1 {[%emt 0:00:30]} b6 {[%emt 0:00:44]} 43. Kf3 {[%emt 0:06:30]} Bd4 {[%emt 0:00:50]} 44. Rd1 {[%emt 0:06:14]} Kg6 {[%emt 0:05:19]} 45. Rd2 {[%emt 0:00:27]} Kf6 {[%emt 0:05:52]} 46. Rg2 {[%emt 0:04:07]} e4+ {[%emt 0:00:29]} 47. Kf4 {[%emt 0:00:36]} Be5+ {[%emt 0:00:38]} 48. Ke3 {[%emt 0:00:05]} h4 {[%emt 0:00:05]} 49. h3 {[%emt 0:06:21]} Bg3 {[%emt 0:01:00]} 50. Kd4 {[%emt 0:00:04]} Be5+ {[%emt 0:03:59]} 51. Ke3 {[%emt 0:00:30]} Bg3 {[%emt 0:00:00]} 52. Kd4 {[%emt 0:00:00]} Be5+ {[%emt 0:02:17]} 1/2-1/2

[Event "TUR-chT Superleague 2018"]
[Site "Ankara"]
[Date "2018.07.25"]
[Round "1"]
[White "Mamedjarova, Zeinab"]
[Black "Mammadzada, Gunay"]
[Result "0-1"]
[WhiteElo "2345"]
[BlackElo "2426"]
[Annotator "NA"]
[PlyCount "60"]
[EventDate "2018.07.25"]
[EventType "team-tourn"]
[EventCountry "TUR"]
[SourceTitle "playchess.com"]
[Source "ChessBase"]
[SourceQuality "1"]
[TimeControl "40/5400+30:1800+30"]

1. Nf3 {[%emt 0:00:30]} d5 {[%emt 0:01:30]} 2. b3 {[%emt 0:00:00]} c5 {[%emt 0:00:30]} 3. Bb2 {[%emt 0:00:00]} f6 {[%emt 0:06:30]} 4. e3 {[%emt 0:02:30]} e5 {[%emt 0:01:30]} 5. d4 {[%emt 0:13:30]} cxd4 {[%emt 0:08:30]} 6. exd4 {[%emt 0:00:00]} e4 {[%emt 0:00:30]} 7. Nfd2 {[%emt 0:03:00]} f5 {[%emt 0:05:30]} 8. c4 {[%emt 0:01:30]} Nf6 {[%emt 0:01:30]} 9. cxd5 {[%emt 0:02:30]} Nbd7 {[%emt 0:08:30]} 10. Nc3 {[%emt 0:08:30]} Nb6 {[%emt 0:02:30]} 11. Bb5+ {[%emt 0:01:30]} Bd7 {[%emt 0:02:30]} 12. Bc4 {[%emt 0:00:30]} Bd6 {[%emt 0:05:30]} 13. Qe2 {[%emt 0:05:30]} O-O {[%emt 0:03:30]} 14. O-O-O {[%emt 0:01:30]} Re8 {[%emt 0:04:30]} 15. Kb1 {[%emt 0:07:30]} a6 {[%emt 0:04:30]} 16. f3 {[%emt 0:05:30]} e3 {[%emt 0:05:30]} 17. Nf1 {[%emt 0:00:30]} Bb4 {[%emt 0:01:30]} 18. g3 {[%emt 0:20:30]} Bxc3 {[%emt 0:01:30]} 19. Bxc3 {[%emt 0:01:30]} Nbxd5 {[%emt 0:03:30]} 20. Bb2 {[%emt 0:06:08]} b5 {[%emt 0:01:30]} 21. Bd3 {[%emt 0:00:39]} Rc8 {[%emt 0:01:30]} 22. h4 {[%emt 0:06:59]} Qe7 {[%emt 0:04:30]} 23. Rh2 {[%emt 0:00:41]} a5 {[%emt 0:03:30]} 24. Qe1 {[%emt 0:00:39]} a4 {[%emt 0:00:30]} 25. Re2 {[%emt 0:02:57]} a3 {[%emt 0:02:00]} 26. Ba1 {[%emt 0:01:24]} f4 {[%emt 0:01:12]} 27. gxf4 {[%emt 0:00:55]} Nxf4 {[%emt 0:00:38]} 28. Bc2 {[%emt 0:04:48]} Nxe2 {[%emt 0:00:44]} 29. Qxe2 {[%emt 0:00:02]} Rxc2 {[%emt 0:04:26]} 30. Kxc2 {[%emt 0:02:30]} Rc8+ {[%emt 0:01:09]} 0-1

[Event "TUR-chT Superleague 2018"]
[Site "Ankara"]
[Date "2018.07.25"]
[Round "1"]
[White "Soylu, Suat"]
[Black "Triapishko, Aleksandr"]
[Result "0-1"]
[WhiteElo "2339"]
[BlackElo "2509"]
[Annotator "TA"]
[PlyCount "76"]
[EventDate "2018.07.25"]
[EventType "team-tourn"]
[EventCountry "TUR"]
[SourceTitle "playchess.com"]
[Source "ChessBase"]
[SourceQuality "1"]

{[%evp 26,76,13,14,22,15,18,17,16,12,14,23,11,5,9,0,10,0,0,-5,7,-14,14,4,8,0,0,0,0,0,0,-75,-82,-76,-79,-69,-24,-300,-290,-464,-425,-745,-691,-806,-790,-761,-720,-800,-804,-1045,-958,-953,-770]} 1. e4 c6 2. d4 d5 3. Nc3 dxe4 4. Nxe4 Bf5 5. Ng3 Bg6 6. h4 h6 7. Nf3 e6 8. Ne5 Bh7 9. Bd3 Bxd3 10. Qxd3 Nd7 {B19: Classical Caro-Kann: 4...Bf5 main line} 11. Bf4 Nxe5 12. Bxe5 Qa5+ 13. c3 Nf6 14. Ne4 {LiveBook: 6 Games} O-O-O 15. Qf3 Nxe4 16. Qxe4 Qd5 17. Qxd5 {[#]} Rxd5 $146 ({Predecessor:} 17... cxd5 18. h5 {½-½ (64) Leko,P (2693)-Nakamura,H (2779) Doha 2016}) 18. O-O-O b5 19. Rhe1 Kd7 20. Kc2 Be7 21. g3 f6 22. Bf4 h5 23. Be3 Bd6 24. Ra1 a5 25. b3 Rf5 26. a4 b4 27. c4 g5 {[%cal Bg7g5,Bg5g4][%mdl 32]} 28. Rh1 {[#]} (28. hxg5 $11 fxg5 29. Rh1) 28... g4 $1 $17 29. Rad1 Rf3 30. Rd3 f5 31. d5 $2 {[%mdl 8192]} (31. Rh2 $11 {and White stays safe.}) 31... cxd5 $19 32. cxd5 (32. Rhd1 $142) 32... e5 {[%cal Be6e5,Be5e4][%mdl 32] Black is clearly winning.} 33. Rhd1 (33. Kd2 $142 e4 34. Rd4) 33... Rc8+ 34. Kd2 e4 35. Rd4 Rc3 36. Rc4 {[#]} Bxg3 $1 {[%mdl 512]} 37. Rxc3 (37. fxg3 Rcxe3) 37... bxc3+ 38. Ke2 Bd6 {Precision: White = 39%, Black = 73%.} 0-1

[Event "TUR-chT Superleague 2018"]
[Site "Ankara"]
[Date "2018.07.25"]
[Round "1"]
[White "Ozturk, Kubra"]
[Black "Nechaeva, Marina"]
[Result "1/2-1/2"]
[WhiteElo "2330"]
[BlackElo "2410"]
[Annotator "NA"]
[PlyCount "106"]
[EventDate "2018.07.25"]
[EventType "team-tourn"]
[EventCountry "TUR"]
[SourceTitle "playchess.com"]
[Source "ChessBase"]
[SourceQuality "1"]
[TimeControl "40/5400+30:1800+30"]

1. d4 {[%emt 0:00:30]} Nf6 {[%emt 0:00:30]} 2. Nf3 {[%emt 0:00:30]} g6 {[%emt 0:00:30]} 3. c4 {[%emt 0:00:30]} Bg7 {[%emt 0:00:30]} 4. Nc3 {[%emt 0:00:00]} O-O {[%emt 0:00:00]} 5. e4 {[%emt 0:00:00]} d6 {[%emt 0:00:00]} 6. Be2 {[%emt 0:00:30]} e5 {[%emt 0:00:00]} 7. O-O {[%emt 0:02:30]} Nbd7 {[%emt 0:00:00]} 8. Be3 {[%emt 0:05:30]} Re8 {[%emt 0:00:30]} 9. Qc2 {[%emt 0:06:30]} exd4 {[%emt 0:10:30]} 10. Nxd4 {[%emt 0:02:30]} Nc5 {[%emt 0:00:30]} 11. f3 {[%emt 0:01:30]} a5 {[%emt 0:00:00]} 12. Rad1 {[%emt 0:01:30]} Nfd7 {[%emt 0:02:00]} 13. Qd2 {[%emt 0:06:30]} a4 {[%emt 0:07:30]} 14. Ndb5 {[%emt 0:04:30]} b6 {[%emt 0:13:30]} 15. Bg5 {[%emt 0:12:30]} Bf6 {[%emt 0:01:30]} 16. Bxf6 {[%emt 0:10:30]} Nxf6 {[%emt 0:00:30]} 17. Qg5 {[%emt 0:03:30]} Ne6 {[%emt 0:11:30]} 18. Qh4 {[%emt 0:02:30]} Qe7 {[%emt 0:03:30]} 19. f4 {[%emt 0:01:30]} Kh8 {[%emt 0:06:30]} 20. e5 {[%emt 0:07:30]} dxe5 {[%emt 0:02:30]} 21. fxe5 {[%emt 0:00:30]} Ng8 {[%emt 0:04:30]} 22. Qf2 {[%emt 0:09:30]} Qg5 {[%emt 0:08:30]} 23. Bf3 {[%emt 0:05:56]} Ra5 {[%emt 0:08:08]} 24. Bc6 {[%emt 0:04:22]} Rf8 {[%emt 0:00:26]} 25. Rde1 {[%emt 0:07:03]} Ne7 {[%emt 0:10:44]} 26. h4 {[%emt 0:02:22]} Qf5 {[%emt 0:00:34]} 27. Be4 {[%emt 0:01:53]} Qxf2+ {[%emt 0:02:06]} 28. Rxf2 {[%emt 0:00:02]} Bd7 {[%emt 0:04:20]} 29. b4 {[%emt 0:01:13]} axb3 {[%emt 0:00:30]} 30. axb3 {[%emt 0:00:00]} Kg7 {[%emt 0:01:57]} 31. b4 {[%emt 0:00:26]} Ra6 {[%emt 0:00:04]} 32. Nd5 {[%emt 0:01:00]} Nxd5 {[%emt 0:01:14]} 33. Bxd5 {[%emt 0:00:17]} c6 {[%emt 0:00:49]} 34. Bxe6 {[%emt 0:00:28]} Bxe6 {[%emt 0:00:18]} 35. Nc7 {[%emt 0:00:53]} Ra7 {[%emt 0:00:38]} 36. Nxe6+ {[%emt 0:00:38]} fxe6 {[%emt 0:00:03]} 37. Rd1 {[%emt 0:00:16]} Rxf2 {[%emt 0:01:24]} 38. Kxf2 {[%emt 0:00:01]} Ra4 {[%emt 0:00:33]} 39. Rd6 {[%emt 0:00:38]} Rxb4 {[%emt 0:00:01]} 40. Rxc6 {[%emt 0:00:00]} Kf7 {[%emt 0:00:00]} 41. Rc7+ {[%emt 0:04:02]} Kf8 {[%emt 0:02:41]} 42. Ke3 {[%emt 0:05:30]} b5 {[%emt 0:03:30]} 43. cxb5 {[%emt 0:01:30]} Rxb5 {[%emt 0:00:30]} 44. Kd4 {[%emt 0:00:00]} Rd5+ {[%emt 0:03:30]} 45. Ke4 {[%emt 0:00:00]} h6 {[%emt 0:00:00]} 46. Rc8+ {[%emt 0:04:45]} Kf7 {[%emt 0:00:00]} 47. Rc7+ {[%emt 0:02:48]} Kf8 {[%emt 0:00:00]} 48. Rc8+ {[%emt 0:02:49]} Kf7 {[%emt 0:00:00]} 49. Rc2 {[%emt 0:01:26]} Ra5 {[%emt 0:00:30]} 50. Rc7+ {[%emt 0:02:34]} Kf8 {[%emt 0:00:00]} 51. Rc8+ {[%emt 0:00:00]} Kf7 {[%emt 0:00:00]} 52. Rc7+ {[%emt 0:00:28]} Kf8 {[%emt 0:00:30]} 53. Rc8+ {[%emt 0:00:27]} Kf7 {[%emt 0:00:00]} 1/2-1/2